question prison break sur Michael Scofield - Statistiques

Statistiques générales
  • Ce quiz a été pris 3 113 fois
  • Le résultat moyen est 3 sur 5
Statistiques - réponses
question réponse % Correct
Le nom de la prison d'où ils s'est échappé dans la saison 1 Fox river
86%
comment s'appelle le frère de Michael? Lincoln Burrows
86%
qui est sa petite amie? Sarah Tancredi
63%
le nom de sa mère Christina
30%
Qui réussi à l'opéré? Cartel
17%
Aucun quiz correspondant
Distribution des résultats
% des personnes avec chaque résultat
Percentile par nombre de réponses
Votre historique - résultats
Vous n’avez pas pris ce quiz